00781nam a2200181 a 450000100100000000500170001000800410002704000250006808200130009310000320010624501160013826001120025430000210036670000380038770000460042595201110047199900170058200004338120201002040849.0140312s1984 sp 000 0 spa d aDO-SdBNPbspacBNPHU axxxbxxx1 aSánchez, Francisco97103910aQuod nihil scitur /cFrancisco Sánchez ; edición y traducción de S. Rabade, J. M. Artola y M. F. Pérez. aMadrid :bConsejo Superior de Investigaciones Científicas,bInstituto de Filosofía "Luis Vives",c1984. a261 p. ;c24 cm.12aArtola, José Maríaeed97104012aPérez López, M. Franciscoetr.971041 001050718MOaGRbGRcCTd2014-03-12iLF1l0oxxx xxxp43381-10r2020-06-25w2020-06-25y1ZNo se presta c42870d42870